000
00250nam a22000977a 4500
999
_c
532176
_d
532176
082
_a
070.442
_b
TAR
100
_a
Tarar, Mustansar Hussain.
245
_a
Hazaroo hain shikway /
942
_2
ddc
_c
BK